|
|
|
|
| LEADER |
00000cam a2200000 7i4500 |
| 001 |
0000003384 |
| 005 |
20050824.0 |
| 020 |
0 |
0 |
|a 9837201533
|
| 090 |
0 |
0 |
|a 658.31243
|b MAG
|
| 100 |
1 |
0 |
|a Mager, Robert F. [
|q (Frank), ,
|d 1923-
|
| 245 |
1 |
0 |
|a Analyzing performance problems or you really oughta wanna
|c Robert F. Mager, Peter Pipe
|
| 250 |
0 |
0 |
|a 2nd ed.
|
| 260 |
0 |
0 |
|a Kuala Lumpur :
|b Golden Books Centre ,
|c 1995
|
| 300 |
|
|
|a 143p. :
|b ill. ;
|c 23cm.
|
| 650 |
0 |
0 |
|a Employees
|x Training of
|
| 650 |
0 |
0 |
|a Performance standards
|
| 700 |
1 |
1 |
|a Pipe, Peter
|
| 999 |
|
|
|a 0000006282
|b Monograph
|c Open Shelf
|e Default branch
|